Management today

Saved in:
Bibliographic Details
Format: Serial
Language:English
Published: London Haymarket Publ. 1981
Subjects:
Tags: Add Tag
No Tags, Be the first to tag this record!

MARC

LEADER 00000nas2a22000001 4500
001 s123299
005 20250730114217.7
022 |a 0025-1925 
041 0 |a eng 
044 |a GB 
245 1 0 |a Management today 
264 1 |a London  |b Haymarket Publ.  |c 1981 
300 |a 2 zv. 
773 0 |w eu_un_cat*s120182 
610 2 0 |a manažment 
610 2 0 |a riadenie podnikové